Plant and animal geography / (Record no. 38449)
[ view plain ]
| 000 -LEADER | |
|---|---|
| fixed length control field | 00675nam a22002297a 4500 |
| 001 - CONTROL NUMBER | |
| control field | 38449 |
| 003 - CONTROL NUMBER IDENTIFIER | |
| rucl marc code | BD-RjUL |
| 005 - DATE AND TIME OF LATEST TRANSACTION | |
| control field | 20211209052811.0 |
| 008 - FIXED-LENGTH DATA ELEMENTS--GENERAL INFORMATION | |
| fixed length control field | 151207r19571936enk||||| |||| 00| 0 eng d |
| 035 ## - SYSTEM CONTROL NUMBER | |
| System control number | (BD-RjUL)38554 |
| 040 ## - CATALOGING SOURCE | |
| Original cataloging agency | BD-RjUL |
| Language of cataloging | eng |
| Transcribing agency | BD-RjUL |
| 041 ## - LANGUAGE CODE | |
| Language code of text/sound track or separate title | eng |
| 082 ## - DEWEY DECIMAL CLASSIFICATION NUMBER | |
| Classification number | 574.5 |
| Author mark and year | NEP |
| 100 ## - MAIN ENTRY--PERSONAL NAME | |
| Personal name | Newbigin, Marion I. |
| 9 (RLIN) | 118734 |
| 245 ## - TITLE STATEMENT | |
| Title | Plant and animal geography / |
| Statement of responsibility, etc. | by Marion I. Newbigin |
| 260 ## - PUBLICATION, DISTRIBUTION, ETC. (IMPRINT) | |
| Place of publication, distribution, etc. | London : |
| Name of publisher, distributor, etc. | Methuen & co., |
| Date of publication, distribution, etc. | c1936 [Reprinted 1957, 1960] |
| 300 ## - PHYSICAL DESCRIPTION | |
| Pagination | xv, 298 p. : |
| Illustrations | illus., maps. ; |
| Size | 22 cm |
| 500 ## - GENERAL NOTE | |
| General note | With 39 illustrations and maps. |
| 650 ## - SUBJECT ADDED ENTRY--TOPICAL TERM | |
| Topical term or geographic name as entry element | Biogeography. |
| 9 (RLIN) | 118733 |
| Topical term or geographic name as entry element | Ecology. |
| 9 (RLIN) | 116926 |
| 942 ## - ADDED ENTRY ELEMENTS (KOHA) | |
| Source of classification or shelving scheme | Dewey Decimal Classification |
| Koha item type | Books |
| Lost status | Source of classification or shelving scheme | Damaged status | Not for loan | Permanent Location | Current Location | Shelving location | Date acquired | Source of acquisition | Cost, normal purchase price | Total Checkouts | Full call number | Date last seen | Date checked out | Copy number | Koha item type |
|---|---|---|---|---|---|---|---|---|---|---|---|---|---|---|---|
| Dewey Decimal Classification | Central Library, University of Rajshahi | Central Library, University of Rajshahi | 26/09/1957 | Pub. United ltd | 20.50 | 3 | 574.5 NEP 1957 | 18/01/2016 | 31/12/2015 | C-4 | Books | ||||
| Dewey Decimal Classification | Central Library, University of Rajshahi | Central Library, University of Rajshahi | 08/02/1963 | Zeitlinger | 25.00 | 1 | 574.5 NEP 1960 | 11/05/2016 | 30/04/2016 | C-5 | Books | ||||
| Dewey Decimal Classification | Central Library, University of Rajshahi | Central Library, University of Rajshahi | 08/02/1963 | Zeitlinger | 25.00 | 574.5 NEP 1960 | 07/12/2015 | C-6 | Books |